Enciclipédia geral da educação (Registo nº 130)
[ vista simples ]
| 000 -Etiqueta do registo | |
|---|---|
| Cabeçalho | 00903nam0a2200265 4500 |
| 005 - Identificador da versão | |
| Campo de controlo | 20240813121755.0 |
| 010 ## - Número internacional normalizado dos livros (ISBN) | |
| Número (ISBN) | 9728528620 |
| 100 ## - Dados gerais de processamento | |
| Dados gerais de processamento | 20191126d2000 a e0pory5003 ba |
| 102 ## - Pais de publicação ou produção | |
| País de publicação | Portugal |
| 101 1# - Língua de publicação | |
| Língua do texto, banda sonora, etc. | Português |
| Língua do documento no original | Espanhol |
| 215 ## - Descrição física | |
| Indicação específica da natureza do documento e extensão da espécie | 6 vol |
| 200 1# - Titulo e menção de responsabilidade | |
| Título próprio | Enciclipédia geral da educação |
| Primeira menção de responsabilidade | dir. José A. Vidal |
| 210 ## - Publicação, Distribuição, etc. | |
| Lugar da edição, distribuição, etc. | [Barcelona] |
| Nome do editor, distribuidor, etc. | Oceano |
| Lugar da edição, distribuição, etc. | Lisboa |
| Nome do editor, distribuidor, etc. | Crerital |
| Data da publicação, distribuição, etc. | 2000 |
| 517 1# - Outras variantes do título | |
| Variant Title | <A >profissão docente |
| Informação de outro título | <a >intervenção educativa. Vol. 1 |
| Variant Title | Psicologia da educação |
| Informação de outro título | tutoria e orientação. Vol. 2 |
| Variant Title | Avaliação e inovação |
| Informação de outro título | didáctica geral. Vol. 3 |
| Variant Title | Educação e novas tecnologias |
| Informação de outro título | educação especial |
| -- | didácticas específicas I. Vol. 4 |
| 606 ## - Nome comum usado como assunto | |
| Número de registo de entrada de autoridade | 0001634 |
| Palavra de ordem | Educação |
| Código do sistema | CA |
| 675 ## - Classificação Decimal Universal (CDU) | |
| Notação | 37 |
| Edição | 3ª ed. |
| Língua da edição | por |
| 702 #1 - Nome de autor-pessoa física (responsabilidade secundária) | |
| Número de registo de entrada de autoridade | 0003159 |
| Palavra de ordem | Vidal |
| Outra parte do nome não tomada para palavra de ordem | José A. |
| Código de função | Diretor / Director teatral / Realizador |
| 966 ## - Identificação da Biblioteca | |
| Sigla | EB2,3ENM |
| 942 ## - Elementos de entrada adicionados (Koha) | |
| Tipo de item no Koha | Livro |
| Situação do levantamento | Origin of item (home branch) (coded) | Biblioteca de empréstimo | Código de barras | Cota | Circulation type (not for loan) | Tipo de documento | Nota do exemplar | Damaged status |
|---|---|---|---|---|---|---|---|---|
| Biblioteca Escolar Eng. Nuno Mergulhão | Biblioteca Escolar Eng. Nuno Mergulhão | BENM628 | 37 ENC | Livro | Sem mensagem | |||
| Biblioteca Escolar Eng. Nuno Mergulhão | Biblioteca Escolar Eng. Nuno Mergulhão | BENM629 | 37 ENC | Livro | Sem mensagem | |||
| Biblioteca Escolar Eng. Nuno Mergulhão | Biblioteca Escolar Eng. Nuno Mergulhão | BENM630 | 37 ENC | Livro | Sem mensagem | |||
| Biblioteca Escolar Eng. Nuno Mergulhão | Biblioteca Escolar Eng. Nuno Mergulhão | BENM631 | 37 ENC | Livro | Sem mensagem | |||
| Biblioteca Escolar Eng. Nuno Mergulhão | Biblioteca Escolar Eng. Nuno Mergulhão | BENM632 | 37 ENC | Livro | Sem mensagem | |||
| Biblioteca Escolar Eng. Nuno Mergulhão | Biblioteca Escolar Eng. Nuno Mergulhão | BENM633 | 37 ENC | Livro | Sem mensagem |
